000
00243nam a2200097Ia 4500
082
_a
T 920 GREY
245
0
_a
Grey Owl
100
_a
SHIPTON, Vicky Harlow, 2003
_9
96487
942
_c
BK
008
210817s9999 xx 000 0 und d
999
_c
405484
_d
405483